Black Sea / (Record no. 798)

000 -LEADER
fixed length control field 01397nam a22003857a 4500
001 - CONTROL NUMBER
control field 4924985
003 - CONTROL NUMBER IDENTIFIER
control field OSt
005 - DATE AND TIME OF LATEST TRANSACTION
control field 20210422055119.0
008 - FIXED-LENGTH DATA ELEMENTS--GENERAL INFORMATION
fixed length control field 950509s1995 nyub b 001 0 eng
010 ## - LIBRARY OF CONGRESS CONTROL NUMBER
LC control number 95019722
020 ## - INTERNATIONAL STANDARD BOOK NUMBER
International Standard Book Number 0809030438 (alk. paper)
040 ## - CATALOGING SOURCE
Original cataloging agency eng
Transcribing agency DLC
Modifying agency eng
Language of cataloging eng
041 ## - LANGUAGE CODE
Language code of text/sound track or separate title eng
043 ## - GEOGRAPHIC AREA CODE
Geographic area code mb-----
050 00 - LIBRARY OF CONGRESS CALL NUMBER
Classification number DJK66
Item number .A83 1995
080 ## - UNIVERSAL DECIMAL CLASSIFICATION NUMBER
Universal Decimal Classification number 94
Item number A-83
082 00 - DEWEY DECIMAL CLASSIFICATION NUMBER
Classification number 909/.096389
Edition number 20
100 1# - MAIN ENTRY--PERSONAL NAME
Personal name Ascherson, Neal.
245 10 - TITLE STATEMENT
Title Black Sea /
Statement of responsibility, etc. Neal Ascherson.
250 ## - EDITION STATEMENT
Edition statement 1st American ed.
260 ## - PUBLICATION, DISTRIBUTION, ETC.
Place of publication, distribution, etc. New York :
Name of publisher, distributor, etc. Hill and Wang,
Date of publication, distribution, etc. 1995.
300 ## - PHYSICAL DESCRIPTION
Extent ix, 305 p. :
Other physical details map ;
Dimensions 25 cm.
365 ## - TRADE PRICE
Price amount 23 usd
504 ## - BIBLIOGRAPHY, ETC. NOTE
Bibliography, etc. note Includes bibliographical references (p. 285-289) and index.
650 #0 - SUBJECT ADDED ENTRY--TOPICAL TERM
9 (RLIN) 252
Topical term or geographic name entry element History
651 #0 - SUBJECT ADDED ENTRY--GEOGRAPHIC NAME
Geographic name Black Sea Region
General subdivision History.
653 ## - INDEX TERM--UNCONTROLLED
Uncontrolled term ისტორია
653 ## - INDEX TERM--UNCONTROLLED
Uncontrolled term შავი ზღვის რეგიონი
856 42 - ELECTRONIC LOCATION AND ACCESS
Materials specified Book review (H-Net)
Uniform Resource Identifier <a href="http://www.h-net.org/review/hrev-a0a3i2-aa">http://www.h-net.org/review/hrev-a0a3i2-aa</a>
856 42 - ELECTRONIC LOCATION AND ACCESS
Materials specified Contributor biographical information
Uniform Resource Identifier <a href="http://www.loc.gov/catdir/enhancements/fy0667/95019722-b.html">http://www.loc.gov/catdir/enhancements/fy0667/95019722-b.html</a>
856 42 - ELECTRONIC LOCATION AND ACCESS
Materials specified Publisher description
Uniform Resource Identifier <a href="http://www.loc.gov/catdir/enhancements/fy0667/95019722-d.html">http://www.loc.gov/catdir/enhancements/fy0667/95019722-d.html</a>
906 ## - LOCAL DATA ELEMENT F, LDF (RLIN)
a 7
b cbc
c orignew
d 1
e ocip
f 19
g y-gencatlg
942 ## - ADDED ENTRY ELEMENTS (KOHA)
Source of classification or shelving scheme
Koha item type Books
Edition 1
Holdings
Withdrawn status Lost status Source of classification or shelving scheme Damaged status Not for loan Permanent location Current location Date acquired Inventory number Total Checkouts Full call number Barcode Date last seen Price effective from Koha item type
          Ken Walker International University Ken Walker International University 12/22/2020 2188   94 A-83 2188 12/22/2020 12/22/2020 Books
          Ken Walker International University Ken Walker International University 02/10/2021 536   94 A-83 536 02/10/2021 02/10/2021 Books

Powered by Koha